STN EN 28343: 2001, (42 0564) Feronikel. Stanovenie obsahu kremíka. Gravimetrická metóda

Podrobná bibliografia
Médium: Kniha
Jazyk:neznámy jazyk
Fyzický popis:8 s. tab. 30 cm
Vydavateľské údaje: Bratislava Slovenský ústav technickej normalizácie 2001
Predmet:

MARC

LEADER 00000cam a2200000 a 4500
001 vtls001417777
003 SK-MaSNL
005 20260301012708.0
008 240126s2001 xo k 0 und
035 |a SNK000372565 
040 |a SNK  |b slo  |c SNK  |e AACR2 
044 |a xo  |c SK 
046 |a s  |m 200108 (účin.) 
080 |a 669.14/.15  |2 2011 
130 0 |a STN 42 0564 (STN EN 28343)  |9 298153 
245 1 |a STN EN 28343: 2001, (42 0564) Feronikel. Stanovenie obsahu kremíka. Gravimetrická metóda 
246 1 0 |a Feronikel 
246 1 0 |a Stanovenie obsahu kremíka 
246 1 0 |a Gravimetrická metóda 
260 |a Bratislava  |b Slovenský ústav technickej normalizácie  |c 2001 
300 |a 8 s.  |b tab.  |c 30 cm 
650 0 7 |a zliatiny železa  |2 SNKPH  |9 73265 
852 |a Štátna vedecká knižnica v Banskej Bystrici 
999 |c 554170  |d 556100 
952 |t P60, <03>, [BOOK], {603}  |a SNK  |b SNK  |y PREZ  |7 0  |p 17A0308344  |o snkSTN EN 28343  |i snkN 1693/2001  |0 0  |1 0  |4 0  |d 2001-07-27  |l 0  |r 2005-01-02 00:00:00  |w 2026-02-23 
952 |t P60, <04>, [BOOK], {604}  |a SNK  |b SNK  |y VYP  |7 0  |p 17A0308345  |o snkSTN EN 28343 D1  |i snkN 1694/2001  |0 0  |1 0  |4 0  |d 2001-07-27  |l 0  |r 2005-01-02 00:00:00  |w 2026-02-23